Statistics for Philadelphia Sports Championships

Click here to take the quiz!

General Stats

  • This quiz has been taken 65 times
  • The average score is 12 of 20

Answer Stats

Year Team % Correct
2008Philadelphia Phillies (MLB)
93%
1974Philadelphia Flyers (NHL)
89%
1975Philadelphia Flyers (NHL)
86%
1982Philadelphia 76ers (NBA)
84%
1980Philadelphia Phillies (MLB)
82%
1960Philadelphia Eagles (NFL)
75%
1910Philadelphia Athletics (MLB)
72%
1913Philadelphia Athletics (MLB)
72%
1911Philadelphia Athletics (MLB)
72%
1930Philadelphia Athletics (MLB)
70%
1929Philadelphia Athletics (MLB)
68%
1966Philadelphia 76ers (NBA)
60%
1948Philadelphia Eagles (NFL)
54%
1949Philadelphia Eagles (NFL)
53%
2008Philadelphia Soul (AFL)
46%
2016Philadelphia Soul (AFL)
44%
1956Philadelphia Warriors (NBA)
30%
1947Philadelphia Warriors (NBA)
30%
1984Philadelphia Stars (USFL)
16%
1985Philadelphia Stars (USFL)
16%

Score Distribution

Percentile by Number Answered

Percent of People with Each Score

Your Score History

You have not taken this quiz